<?xml version="1.0" encoding="UTF-8"?>
<record
    xmlns:xsi="http://www.w3.org/2001/XMLSchema-instance"
    xsi:schemaLocation="http://www.loc.gov/MARC21/slim http://www.loc.gov/standards/marcxml/schema/MARC21slim.xsd"
    xmlns="http://www.loc.gov/MARC21/slim">

  <leader>01780nam a2200313uu 4500</leader>
  <controlfield tag="001">1104240</controlfield>
  <controlfield tag="005">20260507084324.0</controlfield>
  <controlfield tag="007">cr|||||||</controlfield>
  <controlfield tag="008">080919s2008                        spa  </controlfield>
  <datafield tag="035" ind1=" " ind2=" ">
    <subfield code="a">1104240</subfield>
  </datafield>
  <datafield tag="040" ind1=" " ind2=" ">
    <subfield code="c">comduadb</subfield>
  </datafield>
  <datafield tag="041" ind1=" " ind2=" ">
    <subfield code="a">spa</subfield>
  </datafield>
  <datafield tag="080" ind1=" " ind2=" ">
    <subfield code="a">EGA</subfield>
  </datafield>
  <datafield tag="100" ind1="1" ind2="0">
    <subfield code="a">Mar&#xED;n Aguilar, Doris Harley</subfield>
    <subfield code="4">aut</subfield>
    <subfield code="e">aut</subfield>
    <subfield code="9">558690</subfield>
  </datafield>
  <datafield tag="245" ind1="1" ind2="0">
    <subfield code="a">Gesti&#xF3;n de residuos peligrosos industriales en el Valle de Aburr&#xE1; en los &#xFA;ltimos diez a&#xF1;os (1997-2007): un estado del arte</subfield>
  </datafield>
  <datafield tag="260" ind1=" " ind2=" ">
    <subfield code="a">Medell&#xED;n :</subfield>
    <subfield code="b">[sin publicador],</subfield>
    <subfield code="c">2008.</subfield>
  </datafield>
  <datafield tag="300" ind1=" " ind2=" ">
    <subfield code="a">74 p&#xE1;ginas</subfield>
  </datafield>
  <datafield tag="520" ind1="3" ind2=" ">
    <subfield code="a">RESUMEN. Con la construcci&#xF3;n de este estado del arte se busca conocer cu&#xE1;l ha sido la gesti&#xF3;n de los residuos peligrosos industriales en el Valle de Aburr&#xE1; entre los a&#xF1;os 1997 y 2007, teniendo como soporte fuentes documentales acerca de &#xE9;sta tem&#xE9;tica que circulan en el Valle de Aburr&#xE1;, analiz&#xE1;ndolas de acuerdo a diferentes categor&#xED;as con las que se busca conocer hacia donde se ha apuntado en dicha gesti&#xF3;n. Por &#xFA;ltimo, se pretende a partir de los vac&#xED;os que se encuentran plantear algunas l&#xED;neas de investigaci&#xF3;n sobre este tipo de residuos, teniendo como referente o gu&#xED;a el presente estado del arte sobre la gesti&#xF3;n de los residuos peligrosos industriales en el Valle de Aburr&#xE1;, durante el peri&#xF3;do 1997 - 2007.</subfield>
  </datafield>
  <datafield tag="650" ind1=" " ind2="7">
    <subfield code="a">Residuos peligrosos</subfield>
    <subfield code="2">lemb</subfield>
    <subfield code="9">20348</subfield>
  </datafield>
  <datafield tag="650" ind1=" " ind2=" ">
    <subfield code="a">Residuos s&#xF3;lidos - Valle de Aburr&#xE1;</subfield>
    <subfield code="9">159718</subfield>
  </datafield>
  <datafield tag="650" ind1=" " ind2="7">
    <subfield code="a">Estado del arte</subfield>
    <subfield code="2">lemb</subfield>
    <subfield code="9">22432</subfield>
  </datafield>
  <datafield tag="650" ind1=" " ind2="7">
    <subfield code="a">Gesti&#xF3;n ambiental</subfield>
    <subfield code="2">lemb</subfield>
    <subfield code="9">36466</subfield>
  </datafield>
  <datafield tag="650" ind1=" " ind2=" ">
    <subfield code="a">Gesti&#xF3;n integral de los residuos peligrosos</subfield>
    <subfield code="9">161254</subfield>
  </datafield>
  <datafield tag="700" ind1="1" ind2="0">
    <subfield code="a">Arboleda L&#xF3;pez, Natalia Andrea</subfield>
    <subfield code="4">aut</subfield>
    <subfield code="e">aut</subfield>
    <subfield code="9">536725</subfield>
  </datafield>
  <datafield tag="700" ind1="1" ind2="0">
    <subfield code="a">Rodr&#xED;guez Arboleda, Juan Carlos</subfield>
    <subfield code="4">ths</subfield>
    <subfield code="e">ths</subfield>
    <subfield code="9">557136</subfield>
  </datafield>
  <datafield tag="942" ind1=" " ind2=" ">
    <subfield code="c">TESIS</subfield>
  </datafield>
  <datafield tag="999" ind1=" " ind2=" ">
    <subfield code="c">479591</subfield>
    <subfield code="d">479591</subfield>
  </datafield>
  <datafield tag="502" ind1=" " ind2=" ">
    <subfield code="b">190</subfield>
    <subfield code="c">17</subfield>
  </datafield>
  <datafield tag="526" ind1=" " ind2=" ">
    <subfield code="a">192</subfield>
  </datafield>
  <datafield tag="952" ind1=" " ind2=" ">
    <subfield code="0">0</subfield>
    <subfield code="1">0</subfield>
    <subfield code="4">0</subfield>
    <subfield code="7">0</subfield>
    <subfield code="8">TESDIG</subfield>
    <subfield code="a">CENDI</subfield>
    <subfield code="b">CENDI</subfield>
    <subfield code="d">2022-06-28</subfield>
    <subfield code="e">Material adquirido por donaci&#xF3;n</subfield>
    <subfield code="i">C13324192</subfield>
    <subfield code="l">0</subfield>
    <subfield code="o">EGA 04606</subfield>
    <subfield code="r">2023-04-28 00:00:00</subfield>
    <subfield code="t">1</subfield>
    <subfield code="w">2023-04-28</subfield>
    <subfield code="y">INTER</subfield>
  </datafield>
</record>
